| 000 | 00784nam a22002177a 4500 | ||
|---|---|---|---|
| 003 | NUST-PNEC | ||
| 005 | 20170116180737.0 | ||
| 008 | 141127b xxu||||| |||| 00| 0 eng d | ||
| 020 | _a8176351857 | ||
| 020 | _a9781571691347 | ||
| 040 | _cPNEC | ||
| 082 | _a005.75 STE | ||
| 100 |
_91059 _aGilbert , Stephen |
||
| 245 |
_aObject-oriented design in Java _cStephen Gilbert and Bill McCarthy |
||
| 260 |
_aCorte Madera, CA : _bWaite Group Press, _cc1998. |
||
| 300 |
_axxii, 731 pages : _billustrations ; _c24 cm . |
||
| 500 | _aIncludes Index | ||
| 650 | _xComputer, MIS | ||
| 856 | _uhttp://www.amazon.com/MWSS-Object-Oriented-Design-Mitchell-Signature/dp/1571691340/ref=sr_1_1?s=books&ie=UTF8&qid=1417077618&sr=1-1&keywords=OBJECT-ORIENTED+DESIGN+IN+JAVA | ||
| 942 |
_2ddc _cBK |
||
| 999 |
_c62011 _d62011 |
||